Figuraciones en proceso /

Guardado en:
Bibliografiske detaljer
Hovedforfatter: Weiler, Vera
Format: Ukendt
Sprog:Spanish
Udgivet: Bogotá : Fundación Social, 1998.
Fag:
Tags: Tilføj Tag
Ingen Tags, Vær først til at tagge denne postø!

MARC

LEADER 000000000a22000000004500
001 011404
020 |a 9588049016 
041 0 |a spa 
082 0 4 |a 301.01   |b W422f 
100 1 |a Weiler, Vera 
245 1 0 |a Figuraciones en proceso /   |c Vera Weiler. 
260 1 |a Bogotá :   |b Fundación Social,   |c 1998. 
300 |a 303 páginas 
500 |a Colección George Yúdice 
650 4 |a ELIAS, NORBERT 
650 4 |a CIVILIZACION, TEORIA 
650 4 |a VIOLENCIA 
999 |c 16697  |d 16697 
942 |c BK  |h 301.01 W422f  |2 z